|
|
|
|
| LEADER |
00723nam a22001931a 4500 |
| 020 |
|
|
|a 9780521890595
|
| 082 |
|
|
|a 320.532 2
|b CRY/M
|
| 245 |
|
|
|a Marxism, modernity and post colonial studies/
|c by Crystal Bartolovich (ed.)
|
| 260 |
|
|
|a Cambridge:
|b Cambridge University Press,
|c 2002.
|
| 300 |
|
|
|a 290p.
|
| 650 |
|
|
|a Marxism
|9 148563
|
| 650 |
|
|
|a Postcolonial Studies
|9 148564
|
| 650 |
|
|
|a Political Science
|9 148565
|
| 650 |
|
|
|a Social Science
|9 148566
|
| 700 |
|
|
|a Crystal Bartolovich (ed.)
|9 148567
|
| 700 |
|
|
|a Neil Lazarus (ed.)
|9 148568
|
| 942 |
|
|
|c BK
|
| 999 |
|
|
|c 28023
|d 28023
|
| 952 |
|
|
|0 0
|1 0
|4 0
|6 320_532000000000000_2_CRY_M
|7 0
|9 40446
|a SSUS
|b SSUS
|d 2015-01-08
|g 950.00
|o 320.532 2 CRY/M
|p 027371
|r 2015-01-08
|v 0.00
|w 2015-01-08
|y BK
|